Journal of physics..
Guardado en:
| Nuevo Título: | Measurement science & technology |
|---|---|
| Título anterior: | Journal of scientific instruments. Journal of physics E |
| Formato: | Revista |
| Idioma: | English |
| Publicado: |
[London] :
Institute of Physics.,
1986.
|
| Materias: | |
| Etiquetas: |
Agregar Etiqueta
Sin Etiquetas, Sea el primero en etiquetar este registro!
|
| LEADER | 00646nas a2200217 4500 | ||
|---|---|---|---|
| 001 | CARPC.003085 | ||
| 005 | 20080606161601.0 | ||
| 008 | 031103u1986####xxku|#p#######0###a0eng|| | ||
| 022 | |a 0022-3735 | ||
| 210 | 0 | |a J. phys. E. | |
| 245 | 0 | 0 | |a Journal of physics.. |
| 246 | 3 | |a Scientific instruments | |
| 260 | |a [London] : |b Institute of Physics., |c 1986. | ||
| 310 | |a Desconocida. | ||
| 362 | 0 | |a Vol. 19, no. 7 (1986) - Vol. 21, no. 12 (1988). | |
| 510 | 0 | |a Chemical abstracts | |
| 780 | 0 | 0 | |t Journal of scientific instruments. Journal of physics E |
| 785 | 0 | 0 | |t Measurement science & technology |
| 653 | |a Physical instruments | ||
| 653 | |a Science | ||
